LEADER 01060nam a2200265 i 4500 001 000000119123 003 CaOOAMICUS 005 20100112154127.0 008 100112s2009 fr u100 u fre c 020 $a978-2-204-09015-5 040 $aPUL$bita$dReb 100 1 $aAbadie, Philippe.$0(OLS)http://pul/name/39886 245 12$aL'histoire d'Israel entre mémoire et relecture /$cPhilippe Abadie. 260 $aParis :$bCerf,$c2009. 300 $a240 p. ;$c22 cm. 490 1 $aLectio divina ;$v0229 504 $aBibliografia p. 219-238. 651 4$aIsraele$xStoria.$0(OLS)http://pul/subject/9266 830 0$aLectio divina ;$v0229.$0(OLS)http://pul/title/3461 850 $aPUL 852 $aPUL$W1$xSL Religione 1$y3$m9 I 229$j136692$qStampati$B135710$CPULBib$Z2$F135710 $H112321 $82 941 1 $a8 996 $6020$a978-2-204-09015-5$9(OLS)http://pul/number/142931 996 $6245$aL'histoire d'Israel entre mémoire et relecture$9(OLS)http://pul/title/149904 996 $6260$aParis :$bCerf$9(OLS)http://pul/publisher/48238 LEADER 00960nam a2200253 u 4500 001 000000071211 003 CaOOAMICUS 005 20070226122115.0 008 020522s1928 enk u000 u eng u 035 $a10930724 040 $aPUL(R)$bita 100 1 $aAdams, John.$0(OLS)http://pul/name/47296 245 14$aThe evolution of educational theory /$cJohn Adams. 260 $aLondon :$bMacMillan and Co.,$c1928. 300 $a410 p. ;$c23 cm 500 $aContiene indice. 504 $aBibliografia in nota. 650 4$aFilosofia dell'educazione.$0(OLS)http://pul/subject/7700 850 $aPUL 852 $aPUL$W1$xDP1 Cons. Gen., Altre Classi 1$y22$m921 F 23$j92133$nBK-PRI$b $qStampati$B92133$CPULBib$Z2$F92133 $H $81 941 1 $a8 961 $aINV: 13621 996 $6245$aThe evolution of educational theory$9(OLS)http://pul/title/93772 996 $6260$aLondon :$bMacMillan and Co.$9(OLS)http://pul/publisher/73442